El cuerpo en que nací /

Salvato in:
Dettagli Bibliografici
Autore principale: Nettel, Guadalupe (autor)
Natura: Libro
Lingua:spagnolo
Pubblicazione: Barcelona, España : México : Anagrama ; Colofón, 2011, c2011
Serie:(Narrativas Hispánicas ; 491)
Soggetti:
Tags: Aggiungi Tag
Nessun Tag, puoi essere il primo ad aggiungerne!!

MARC

LEADER 00000nam^a2200000^a^4500
001 000318184
005 20260114000000.0
009 20260310113405.207
020 |a 978-607-8126-28-6 
037 |a Acervo ITESO - Biblioteca 
041 |a ESP 
082 |a 860. 92  |b NET 
100 |a Nettel, Guadalupe  |e (autor) 
245 1 3 |a El cuerpo en que nací /  |c G. Nettel. 
264 4 |a Barcelona, España :  |b Anagrama ;  |a México :  |b Colofón,  |c 2011, c2011 
300 |a 196 p. 
336 |a texto  |b txt  |2 rdacontenido 
337 |a sin mediación  |b n  |2 rdamedio 
338 |a volumen  |b nc  |2 rdasoporte 
440 1 |a (Narrativas Hispánicas ;  |v 491) 
649 |a XX 
650 |a Escritores Mexicanos -  |x Memorias 
650 |a Mujeres Mexicanas -  |x Memorias 
650 |a Memorias Mexicanas 
650 |a Novela Mexicana 
650 |a Literatura Mexicana -  |y Siglo XXI 
650 |a Literatura de Mujeres -  |z México 
650 |a Literatura Autobiográfica -  |z México 
650 |a Cuerpo Humano en la Literatura 
650 |a Nettel, Gudalupe -  |x Tema Principal 
910 |a Fondo General 
920 |a Impresos - Libros 
930 |a Colección General 
940 |a Literatura 
905 |a 101 
901 |a 0500205057  |b IT1  |c LIT  |i C130881  |u 20260114 
902 |a https://opac.biblio.iteso.mx/vufind/Record/000318184